LEADER 00933cam0-22003131i-450- 001 990005798530403321 005 20070716110619.0 035 $a000579853 035 $aFED01000579853 035 $a(Aleph)000579853FED01 035 $a000579853 100 $a19990604d1976----km-y0itay50------ba 101 1 $aita$ceng 102 $aIT 105 $aabf-----001yy 200 1 $a<>finanze del comune di Siena$e1287-1355$fM. William Bowsky 210 $aFirenze$cLa nuova italia$d1976 215 $aXVIII, 508 p., 5 tav.$cill.$d21 cm$e3 c. geogr. ripieg. 225 1 $a<>pensiero storico$v68 676 $a945.58 700 1$aBowsky,$bWilliam M.$0157593 801 0$aIT$bUNINA$gRICA$2UNIMARC 901 $aBK 912 $a990005798530403321 952 $a945.58 BOW 2 BIS$bBIBL. 50959$fFLFBC 952 $a945.58 BOW 2$b[s.i.]$fFLFBC 959 $aFLFBC 996 $aFinanze del comune di Siena$9569460 997 $aUNINA LEADER 00973nam0-2200349---450- 001 990009363940403321 005 20110607115245.0 035 $a000936394 035 $aFED01000936394 035 $a(Aleph)000936394FED01 035 $a000936394 100 $a20110519d1964----km-y0itay50------ba 101 0 $aeng 102 $aUS 105 $aa-------001yy 200 1 $aBailey's textbook of histology$frevised by Wilfred M. Copenhaver 205 $a15th ed 210 $aBaltimore$cWilliams & Wilkins$d1964 215 $aXIII, 679 p.$cill.$d25 cm 517 1 $aTextbook of histology 610 0 $aIstologia 676 $a571.5 700 1$aBailey,$bFrederick R.$0104123 702 1$aCopenhaver,$bWilfred M. 801 0$aIT$bUNINA$gRICA$2UNIMARC 901 $aBK 912 $a990009363940403321 952 $aIIId C 260$b8663$fDMVSF 952 $aIIId C 68$binv.$fDMVSF 959 $aDMVSF 996 $aBailey's textbook of histology$9762615 997 $aUNINA